[Event "Danmarksmesterskabet 1975"]
[Site "Odense"]
[Date "1975.03.28"]
[Round "7"]
[White "Iskov, Gert"]
[Black "Rosenlund, Thorbjorn"]
[Result "1/2-1/2"]
[WhiteElo "2364"]
[BlackElo "2324"]
[PlyCount "128"]
[EventDate "1975.03.22"]
[EventType "swiss"]
[EventRounds "10"]
[EventCountry "DEN"]
[SourceTitle "ChessBase"]

1. e4 c6 2. d4 d5 3. exd5 cxd5 4. Bd3 Nc6 5. c3 Nf6 6. Bf4 g6 7. h3 Bg7 8. Ne2 O-O 9. Nd2 Qb6 10. Qc1 Bd7 11. Nf3 Rac8 12. O-O Na5 13. Re1 Bb5 14. Bc2 Ne4 15. Bh6 e6 16. Bxg7 Kxg7 17. Nf4 Nf6 18. g4 Nc4 19. Ne5 Bc6 20. b3 Nd6 21. f3 Be8 22. Qd2 Nb5 23. Ne2 Nd7 24. f4 Nxe5 25. fxe5 Qc7 26. Rac1 f6 27. exf6+ Rxf6 28. Rf1 Rxf1+ 29. Rxf1 Nxc3 30. Nxc3 Qxc3 31. Qf4 Bd7 32. Rf2 Qc7 33. Qf6+ Kg8 34. Qf7+ Kh8 35. Qf6+ Kg8 36. Kg2 Qd8 37. Qf7+ Kh8 38. Bd3 Qe8 39. Qf6+ Kg8 40. g5 Rc3 41. Rf3 Rc6 42. h4 e5 43. Qxe5 Qxe5 44. dxe5 Rc1 45. Kf2 Rh1 46. Rf6 Rxh4 47. e6 Be8 48. e7 Bf7 49. Rd6 Be8 50. Rxd5 Kf7 51. Re5 h6 52. Bc4+ Kg7 53. gxh6+ Rxh6 54. a4 Kf6 55. Re6+ Kf5 56. Re1 Rh8 57. Kg3 Kf6 58. Re6+ Kf5 59. a5 g5 60. Re1 Kf6 61. Bd5 Rh7 62. Re6+ Kf5 63. Re1 Kf6 64. Re6+ Kf5 1/2-1/2

[Event "Danmarksmesterskabet 1975"]
[Site "Odense"]
[Date "1975.03.30"]
[Round "9"]
[White "Iskov, Gert"]
[Black "Kjeldsen, Torben"]
[Result "1-0"]
[WhiteElo "2364"]
[BlackElo "2158"]
[PlyCount "63"]
[EventDate "1975.03.22"]
[EventType "swiss"]
[EventRounds "10"]
[EventCountry "DEN"]
[SourceTitle "ChessBase"]

1. e4 c5 2. Nf3 d6 3. d4 cxd4 4. Nxd4 Nf6 5. Nc3 a6 6. Bg5 e6 7. f4 Be7 8. Qf3 h6 9. Bh4 g5 10. fxg5 Nfd7 11. Bg3 Ne5 12. Qh5 Bxg5 13. Be2 Qb6 14. Rd1 Qxb2 15. O-O Rf8 16. Ndb5 axb5 17. Nxb5 Ke7 18. Nxd6 Nbc6 19. Bb5 f6 20. Bf2 Qc3 21. Nc4 Bd7 22. Bc5+ Kd8 23. Bxf8 Nxc4 24. Qf7 N4e5 25. Qg8 Kc7 26. Bd6+ Kb6 27. Qxa8 Bd2 28. Qa4 Ng4 29. Rb1 Nb4 30. Bxb4 Qd4+ 31. Kh1 Bxb5 32. Ba5+ 1-0

[Event "Danmarksmesterskabet 1975"]
[Site "Odense"]
[Date "1975.03.23"]
[Round "2"]
[White "Jacobsen, Bo"]
[Black "Rosenlund, Thorbjorn"]
[Result "0-1"]
[WhiteElo "2377"]
[BlackElo "2324"]
[PlyCount "90"]
[EventDate "1975.03.22"]
[EventType "swiss"]
[EventRounds "10"]
[EventCountry "DEN"]
[SourceTitle "ChessBase"]

1. c4 c5 2. g3 g6 3. Bg2 Bg7 4. Nc3 Nc6 5. d3 d6 6. Nf3 e5 7. O-O Nge7 8. Ne1 Be6 9. Nc2 d5 10. cxd5 Nxd5 11. Ne3 Nde7 12. Nc4 O-O 13. Bd2 Qd7 14. a4 Rad8 15. b3 f5 16. Be1 Qc7 17. Qc2 Nb4 18. Qb2 Nec6 19. Rc1 Qe7 20. Bd2 Rd7 21. a5 Rb8 22. Be3 b5 23. axb6 axb6 24. Qb1 b5 25. Na3 Nd4 26. Bxd4 exd4 27. Ncxb5 Bd5 28. Bxd5+ Rxd5 29. Rfe1 Qd7 30. Nxd4 cxd4 31. Rc4 Rd6 32. Nc2 Rdb6 33. Rc1 Nxc2 34. Qxc2 R6b7 35. b4 h5 36. Qb3 Kh7 37. Ra1 Qd6 38. Rb1 h4 39. Qa4 Rb6 40. b5 h3 41. f3 Qe5 42. Qc2 Qe3+ 43. Kh1 Qf2 44. Rg1 Re8 45. Rc7 Rbe6 0-1

[Event "Danmarksmesterskabet 1975"]
[Site "Odense"]
[Date "1975.03.26"]
[Round "5"]
[White "Jacobsen, Bo"]
[Black "Kjeldsen, Torben"]
[Result "1-0"]
[WhiteElo "2377"]
[BlackElo "2158"]
[PlyCount "52"]
[EventDate "1975.03.22"]
[EventType "swiss"]
[EventRounds "10"]
[EventCountry "DEN"]
[SourceTitle "ChessBase"]

1. e4 e5 2. d4 d6 3. Nc3 Nc6 4. d5 Nce7 5. Bd3 g6 6. f4 Bg7 7. Nf3 exf4 8. Bxf4 Nf6 9. Qd2 Bg4 10. Bh6 O-O 11. Bxg7 Kxg7 12. Nd4 c5 13. dxc6 Nxc6 14. Nxc6 bxc6 15. O-O Qb6+ 16. Kh1 Qd4 17. Rf4 h5 18. h3 Be6 19. e5 Qxe5 20. Bxg6 Rae8 21. Re1 Qg5 22. Be4 Kh8 23. Bxc6 Rc8 24. Qd4 Rxc6 25. Rxf6 Qg7 26. Rexe6 fxe6 1-0

[Event "Danmarksmesterskabet 1975"]
[Site "Odense"]
[Date "1975.03.31"]
[Round "10"]
[White "Jacobsen, Bo"]
[Black "Grabow, Pouelsten Holm"]
[Result "0-1"]
[WhiteElo "2377"]
[BlackElo "2172"]
[PlyCount "56"]
[EventDate "1975.03.22"]
[EventType "swiss"]
[EventRounds "10"]
[EventCountry "DEN"]
[SourceTitle "ChessBase"]

1. c4 c5 2. g3 g6 3. Bg2 Bg7 4. Nc3 Nc6 5. d3 d6 6. e4 f5 7. Nge2 Nf6 8. exf5 Bxf5 9. d4 Nb4 10. O-O Nc2 11. Be3 Nxa1 12. Qxa1 cxd4 13. Bxd4 Qd7 14. Rd1 O-O 15. b3 Rf7 16. c5 g5 17. cxd6 exd6 18. f4 h6 19. fxg5 hxg5 20. Qc1 Nh7 21. Ne4 Qe6 22. N2c3 Rc8 23. Bxg7 Kxg7 24. Nxd6 Bg4 25. Nxf7 Bxd1 26. Nxg5 Qe1+ 27. Bf1 Rxc3 28. Ne6+ Kg8 0-1

[Event "Danmarksmesterskabet 1975"]
[Site "Odense"]
[Date "1975.03.22"]
[Round "1"]
[White "Jacobsen, Bo"]
[Black "Norby, Peter H"]
[Result "1-0"]
[WhiteElo "2377"]
[BlackElo "2293"]
[PlyCount "97"]
[EventDate "1975.03.22"]
[EventType "swiss"]
[EventRounds "10"]
[EventCountry "DEN"]
[SourceTitle "ChessBase"]

1. c4 Nf6 2. g3 c6 3. Nf3 d5 4. b3 g6 5. Bb2 Bg7 6. Bg2 O-O 7. O-O Bf5 8. d3 Na6 9. Nbd2 Bg4 10. Rc1 Nc7 11. h3 Bc8 12. Rc2 Ne6 13. Qa1 Qb6 14. a4 Rd8 15. Rfc1 Nh5 16. Bxg7 Nhxg7 17. Qb2 Nf5 18. e3 Nc5 19. Ne5 d4 20. e4 Qc7 21. Ndf3 Ng7 22. b4 f6 23. bxc5 fxe5 24. Rd1 Ne6 25. Qc1 Kg7 26. h4 Rf8 27. h5 Bd7 28. Nh4 Nxc5 29. hxg6 h6 30. Kh2 Rf6 31. Bh3 Bxh3 32. Kxh3 e6 33. f3 Rh8 34. Rf2 Rhf8 35. Qd2 Rh8 36. f4 exf4 37. gxf4 Rhf8 38. Rdf1 a5 39. e5 Rf5 40. Nxf5+ Rxf5 41. Rh2 Qd8 42. Rfh1 Nxd3 43. Qxd3 Rxf4 44. Rf1 Rh4+ 45. Kg2 Qg5+ 46. Kh1 Rxh2+ 47. Kxh2 Qxe5+ 48. Qg3 Qh5+ 49. Kg2 1-0

[Event "Danmarksmesterskabet 1975"]
[Site "Odense"]
[Date "1975.03.29"]
[Round "8"]
[White "Jacobsen, Bo"]
[Black "Kolbak, Jens"]
[Result "0-1"]
[WhiteElo "2377"]
[BlackElo "2343"]
[PlyCount "37"]
[EventDate "1975.03.22"]
[EventType "swiss"]
[EventRounds "10"]
[EventCountry "DEN"]
[SourceTitle "ChessBase"]

1. c4 c5 2. g3 Nc6 3. Bg2 g6 4. Nc3 Bg7 5. e4 d6 6. Nge2 a6 7. O-O Rb8 8. a4 Bd7 9. Rb1 Qc8 10. d3 Nf6 11. Bg5 h6 12. Bxf6 Bxf6 13. Nd5 Bg7 14. b4 cxb4 15. Nxb4 Nxb4 16. Rxb4 O-O 17. Qb3 Qc5 18. Rd1 a5 19. Rb5 0-1

[Event "Danmarksmesterskabet 1975"]
[Site "Odense"]
[Date "1975.03.23"]
[Round "2"]
[White "Kjeldsen, Torben"]
[Black "Bjerring, Kai"]
[Result "0-1"]
[WhiteElo "2158"]
[BlackElo "2297"]
[PlyCount "78"]
[EventDate "1975.03.22"]
[EventType "swiss"]
[EventRounds "10"]
[EventCountry "DEN"]
[SourceTitle "ChessBase"]

1. d4 Nf6 2. c4 c5 3. e3 g6 4. Nf3 Bg7 5. Nc3 O-O 6. Be2 d5 7. dxc5 Qa5 8. Qb3 dxc4 9. Bxc4 Ne4 10. Bd2 Nxc5 11. Qb5 Qxb5 12. Bxb5 a6 13. Be2 Rd8 14. O-O Nc6 15. Rfd1 Bf5 16. Be1 Nb4 17. e4 Bg4 18. h3 Bxf3 19. Bxf3 Nc2 20. Rac1 Nxe1 21. Rxd8+ Rxd8 22. Rxe1 Bxc3 23. bxc3 Rd2 24. Ra1 b5 25. Kf1 Rc2 26. Ke1 Nd3+ 27. Kf1 Rxf2+ 28. Kg1 Rc2 29. a4 Rxc3 30. axb5 axb5 31. Ra8+ Kg7 32. Rb8 b4 33. Be2 b3 34. Kh2 Kf6 35. Rb5 Nc5 36. Bd1 h5 37. e5+ Kxe5 38. Bxb3 Rxb3 39. Rxc5+ Kf6 0-1

[Event "Danmarksmesterskabet 1975"]
[Site "Odense"]
[Date "1975.03.29"]
[Round "8"]
[White "Kjeldsen, Torben"]
[Black "Grabow, Pouelsten Holm"]
[Result "1/2-1/2"]
[WhiteElo "2158"]
[BlackElo "2172"]
[PlyCount "65"]
[EventDate "1975.03.22"]
[EventType "swiss"]
[EventRounds "10"]
[EventCountry "DEN"]
[SourceTitle "ChessBase"]

1. c4 e5 2. Nc3 Nf6 3. g3 Nc6 4. Bg2 g6 5. e3 Bg7 6. Nge2 O-O 7. O-O d6 8. d4 Nd7 9. Rb1 f5 10. b4 g5 11. dxe5 Ncxe5 12. f4 Nf7 13. e4 gxf4 14. Bxf4 Nde5 15. Qc2 Be6 16. exf5 Bxc4 17. Rfd1 c6 18. h3 Qb6+ 19. Kh1 Qa6 20. b5 cxb5 21. Nd5 Qxa2 22. Rb2 Qa4 23. f6 Bxd5 24. Rxd5 Bxf6 25. Rdxb5 Qxc2 26. Rxc2 Rac8 27. Ra2 b6 28. Rxa7 Rfe8 29. Bd5 Re7 30. Rxe7 Bxe7 31. Rxb6 Rc5 32. Be6 Kg7 33. Rb7 1/2-1/2

[Event "Danmarksmesterskabet 1975"]
[Site "Odense"]
[Date "1975.03.28"]
[Round "7"]
[White "Kjeldsen, Torben"]
[Black "Ingerslev, Aage"]
[Result "1/2-1/2"]
[WhiteElo "2158"]
[BlackElo "2334"]
[PlyCount "82"]
[EventDate "1975.03.22"]
[EventType "swiss"]
[EventRounds "10"]
[EventCountry "DEN"]
[SourceTitle "ChessBase"]

1. e4 e5 2. Bc4 Bc5 3. Nc3 d6 4. d3 Be6 5. Nf3 Nd7 6. Bxe6 fxe6 7. Be3 Bb4 8. Bd2 Ngf6 9. Ne2 Bc5 10. Be3 Bb6 11. Ng3 O-O 12. Qd2 c5 13. h3 Nb8 14. O-O Nc6 15. Nh2 d5 16. Bg5 h6 17. Bxf6 Qxf6 18. Rac1 Qg6 19. Kh1 Bd8 20. Rce1 Bh4 21. exd5 exd5 22. Ng4 Bxg3 23. fxg3 h5 24. Ne3 d4 25. Rxf8+ Rxf8 26. Nf1 Qf7 27. a4 Qf2 28. c3 e4 29. dxe4 d3 30. b3 Na5 31. Rd1 Qe2 32. Ne3 Nxb3 33. Qxd3 Qxd3 34. Rxd3 Re8 35. Rd7 Rxe4 36. Rxb7 Rxe3 37. Rxb3 Rxg3 38. Rb7 Rxc3 39. Rxa7 Ra3 40. Rc7 Rxa4 41. Rxc5 g6 1/2-1/2

[Event "Danmarksmesterskabet 1975"]
[Site "Odense"]
[Date "1975.03.27"]
[Round "6"]
[White "Kjeldsen, Torben"]
[Black "Lund, Jens Christian"]
[Result "0-1"]
[WhiteElo "2158"]
[BlackElo "2206"]
[PlyCount "90"]
[EventDate "1975.03.22"]
[EventType "swiss"]
[EventRounds "10"]
[EventCountry "DEN"]
[SourceTitle "ChessBase"]

1. c4 e5 2. Nc3 Nc6 3. g3 f5 4. Bg2 Nf6 5. d3 Bc5 6. e3 f4 7. a3 a5 8. gxf4 exf4 9. d4 Be7 10. e4 d6 11. Bxf4 O-O 12. Bg3 Ng4 13. Nf3 h5 14. h4 Qe8 15. Qd3 Qg6 16. Rg1 Qf7 17. O-O-O a4 18. Rdf1 Na5 19. Nd5 Be6 20. Ng5 Bxg5+ 21. hxg5 Bxd5 22. cxd5 h4 23. Bxh4 Nh2 24. f4 Nxf1 25. Rxf1 Qh5 26. Bg3 Nb3+ 27. Kb1 Qg4 28. Rh1 Rxf4 29. Rh4 Rf3 30. Qxb3 Qxg3 31. Qxf3 Qxh4 32. Bh3 Qxg5 33. e5 dxe5 34. dxe5 Re8 35. Be6+ Kh8 36. Qf7 Rd8 37. Qxc7 Rf8 38. Bf7 Qf5+ 39. Qc2 Qxc2+ 40. Kxc2 Rxf7 41. d6 Rd7 42. Kd3 Kg8 43. Ke4 Kf8 44. Kd5 g5 45. Ke6 Rh7 0-1

[Event "Danmarksmesterskabet 1975"]
[Site "Odense"]
[Date "1975.03.26"]
[Round "5"]
[White "Kolbak, Jens"]
[Black "Bjerring, Kai"]
[Result "1/2-1/2"]
[WhiteElo "2343"]
[BlackElo "2297"]
[PlyCount "57"]
[EventDate "1975.03.22"]
[EventType "swiss"]
[EventRounds "10"]
[EventCountry "DEN"]
[SourceTitle "ChessBase"]

1. d4 Nf6 2. c4 g6 3. Nc3 c5 4. d5 Bg7 5. e4 d6 6. Nf3 O-O 7. Be2 e6 8. O-O exd5 9. exd5 Bg4 10. Bf4 a6 11. h3 Bxf3 12. Bxf3 Qc7 13. Re1 Nbd7 14. Qd2 Rfe8 15. a4 b6 16. g4 Kf8 17. Bg2 h5 18. Bf3 hxg4 19. hxg4 Ng8 20. Be2 Ngf6 21. f3 Re7 22. Bf1 Rae8 23. Rxe7 Rxe7 24. Re1 Rxe1 25. Qxe1 Ne8 26. Kg2 Ne5 27. Ne4 Qe7 28. Ng5 Nf6 29. Bxe5 1/2-1/2

[Event "Danmarksmesterskabet 1975"]
[Site "Odense"]
[Date "1975.03.23"]
[Round "2"]
[White "Kolbak, Jens"]
[Black "Iskov, Gert"]
[Result "1-0"]
[WhiteElo "2343"]
[BlackElo "2364"]
[PlyCount "89"]
[EventDate "1975.03.22"]
[EventType "swiss"]
[EventRounds "10"]
[EventCountry "DEN"]
[SourceTitle "ChessBase"]

1. e4 c5 2. Nf3 e6 3. d4 cxd4 4. Nxd4 a6 5. Nc3 Qc7 6. Be2 Nf6 7. O-O d6 8. a4 Nc6 9. Be3 Be7 10. Nb3 b6 11. f4 Rb8 12. Bd3 O-O 13. Qf3 e5 14. Nd5 Nxd5 15. exd5 Nb4 16. Bxh7+ Kxh7 17. Qe4+ Kg8 18. Qxb4 Qxc2 19. fxe5 Qd3 20. Rfe1 a5 21. Qa3 dxe5 22. Qxe7 Qxb3 23. Qxe5 Bb7 24. Bd4 f6 25. Qe6+ Rf7 26. d6 Qxe6 27. Rxe6 Bd5 28. Re2 Rd7 29. Bf2 f5 30. Rd2 Be4 31. Rc1 Rbd8 32. Bxb6 Rxd6 33. Rxd6 Rxd6 34. Bxa5 Rd4 35. Rc8+ Kh7 36. Bc3 Rd1+ 37. Kf2 Rc1 38. Rd8 Rh1 39. Rd7 Rxh2 40. Rxg7+ Kh6 41. Rg8 Rh5 42. Rh8+ Kg6 43. Rxh5 Kxh5 44. g3 Kg6 45. Ke3 1-0

[Event "Danmarksmesterskabet 1975"]
[Site "Odense"]
[Date "1975.03.30"]
[Round "9"]
[White "Kolbak, Jens"]
[Black "Sloth, Jorn"]
[Result "0-1"]
[WhiteElo "2343"]
[BlackElo "2431"]
[PlyCount "48"]
[EventDate "1975.03.22"]
[EventType "swiss"]
[EventRounds "10"]
[EventCountry "DEN"]
[SourceTitle "ChessBase"]

1. d4 Nf6 2. Nf3 b6 3. g3 Bb7 4. Bg2 c5 5. c4 cxd4 6. Qxd4 g6 7. O-O Bg7 8. Nc3 Nc6 9. Qd3 O-O 10. Bg5 Rc8 11. Rad1 Nb4 12. Qd2 Rxc4 13. Bxf6 Bxf6 14. Qxd7 Qa8 15. Ne5 Bxg2 16. Nxc4 Bxf1 17. Rxf1 Qc8 18. Qb5 Bxc3 19. bxc3 Nxa2 20. Qb3 Nxc3 21. Qxc3 b5 22. Rc1 Qxc4 23. Qxc4 bxc4 24. Rxc4 Ra8 0-1

[Event "Danmarksmesterskabet 1975"]
[Site "Odense"]
[Date "1975.03.23"]
[Round "2"]
[White "Lund, Jens Christian"]
[Black "Hvenekilde, Jorgen"]
[Result "0-1"]
[WhiteElo "2206"]
[BlackElo "2298"]
[PlyCount "80"]
[EventDate "1975.03.22"]
[EventType "swiss"]
[EventRounds "10"]
[EventCountry "DEN"]
[SourceTitle "ChessBase"]

1. d4 d5 2. Nf3 Nc6 3. Bf4 Bf5 4. e3 e6 5. Bd3 Nge7 6. O-O f6 7. Re1 g5 8. Bg3 h5 9. h4 g4 10. Nfd2 Bxd3 11. cxd3 Nf5 12. Nc3 Nxg3 13. fxg3 Bd6 14. Nf1 Ne7 15. Qb3 b6 16. e4 c6 17. exd5 exd5 18. Re6 Qd7 19. Rae1 O-O-O 20. Qc2 Kb8 21. Qf2 f5 22. Qe3 f4 23. gxf4 Nf5 24. Qf2 Qg7 25. Ne2 Rhg8 26. Nfg3 Nxh4 27. Nxh5 g3 28. Nexg3 Qh8 29. f5 Nxg2 30. Qxg2 Qxd4+ 31. Qf2 Bxg3 32. Qxd4 Be5+ 33. Kf1 Bxd4 34. Rxc6 Rdf8 35. f6 Rg5 36. Nf4 Rf5 37. Re7 Bxf6 38. Rh7 Rxf4+ 39. Kg2 Rg8+ 40. Kh3 Rf1 0-1

[Event "Danmarksmesterskabet 1975"]
[Site "Odense"]
[Date "1975.03.31"]
[Round "10"]
[White "Lund, Jens Christian"]
[Black "Iskov, Gert"]
[Result "0-1"]
[WhiteElo "2206"]
[BlackElo "2364"]
[PlyCount "52"]
[EventDate "1975.03.22"]
[EventType "swiss"]
[EventRounds "10"]
[EventCountry "DEN"]
[SourceTitle "ChessBase"]

1. d4 Nf6 2. c4 c5 3. Nf3 cxd4 4. Nxd4 a6 5. g3 d5 6. Bg2 e5 7. Nf3 e4 8. Nd4 dxc4 9. O-O Bc5 10. Nc2 Qxd1 11. Rxd1 b5 12. Nc3 Bb7 13. Bg5 Nbd7 14. Ne3 O-O 15. Ned5 Rae8 16. Nxf6+ Nxf6 17. Bxf6 gxf6 18. Rd7 Bc6 19. Rc7 Rc8 20. Rxc8 Rxc8 21. Rd1 e3 22. f4 b4 23. Nd5 Kg7 24. Be4 a5 25. f5 Ba4 26. Rc1 Bd4 0-1

[Event "Danmarksmesterskabet 1975"]
[Site "Odense"]
[Date "1975.03.28"]
[Round "7"]
[White "Lund, Jens Christian"]
[Black "Jacobsen, Bo"]
[Result "0-1"]
[WhiteElo "2206"]
[BlackElo "2377"]
[PlyCount "76"]
[EventDate "1975.03.22"]
[EventType "swiss"]
[EventRounds "10"]
[EventCountry "DEN"]
[SourceTitle "ChessBase"]

1. d4 Nf6 2. c4 g6 3. Nc3 Bg7 4. e4 d6 5. Be2 O-O 6. Bg5 c5 7. d5 h6 8. Be3 e6 9. dxe6 Bxe6 10. Qd2 Kh7 11. O-O-O Nc6 12. Qxd6 Qxd6 13. Rxd6 Nd4 14. e5 Ne8 15. Rxd4 cxd4 16. Bxd4 Nd6 17. Nf3 Nxc4 18. b3 Na5 19. Ne4 Rac8+ 20. Kb2 Bf5 21. Nfd2 Nc6 22. Bc3 Bxe5 23. Bxe5 Nxe5 24. g4 Bxe4 25. Nxe4 f5 26. gxf5 gxf5 27. Nd6 Rc6 28. Nxb7 Rb8 29. f4 Rxb7 30. fxe5 Re6 31. Bd3 Rxe5 32. Rf1 Kg6 33. h4 Rd7 34. Kc2 Rc5+ 35. Kd2 Rcd5 36. Rf3 Kh5 37. a4 Kg4 38. Ke2 f4 0-1

[Event "Danmarksmesterskabet 1975"]
[Site "Odense"]
[Date "1975.03.26"]
[Round "5"]
[White "Lund, Jens Christian"]
[Black "Eriksen, Soren"]
[Result "1-0"]
[WhiteElo "2206"]
[BlackElo "2163"]
[PlyCount "91"]
[EventDate "1975.03.22"]
[EventType "swiss"]
[EventRounds "10"]
[EventCountry "DEN"]
[SourceTitle "ChessBase"]

1. d4 d5 2. Nf3 Nf6 3. c4 e6 4. Nc3 Be7 5. Bg5 O-O 6. e3 h6 7. Bh4 b6 8. cxd5 Nxd5 9. Bxe7 Qxe7 10. Nxd5 exd5 11. Rc1 Bb7 12. Be2 c5 13. dxc5 bxc5 14. O-O Nd7 15. Qc2 Rfc8 16. Rfd1 Nf6 17. Bd3 Rc7 18. Nd4 Ne8 19. Nf5 Qf6 20. Qc3 Qxc3 21. Rxc3 Bc8 22. b3 g6 23. Ng3 Bb7 24. h4 Rac8 25. h5 Kg7 26. hxg6 fxg6 27. Ne2 g5 28. Ng3 Nd6 29. Nf5+ Nxf5 30. Bxf5 Rd8 31. Rdc1 Kf6 32. Bg4 d4 33. Rxc5 Rxc5 34. Rxc5 dxe3 35. fxe3 Rd2 36. Rf5+ Ke7 37. Rf2 Rd3 38. Re2 Kd6 39. Kf2 a5 40. Bf3 Bxf3 41. Kxf3 Rd5 42. g4 Rd1 43. Rh2 Rf1+ 44. Ke4 Rf6 45. Rd2+ Ke7 46. Rd5 1-0

[Event "Danmarksmesterskabet 1975"]
[Site "Odense"]
[Date "1975.03.26"]
[Round "5"]
[White "Norby, Peter H"]
[Black "Ingerslev, Aage"]
[Result "1/2-1/2"]
[WhiteElo "2293"]
[BlackElo "2334"]
[PlyCount "104"]
[EventDate "1975.03.22"]
[EventType "swiss"]
[EventRounds "10"]
[EventCountry "DEN"]
[SourceTitle "ChessBase"]

1. Nf3 Nf6 2. g3 b6 3. Bg2 Bb7 4. O-O e6 5. d3 d5 6. c4 dxc4 7. Qa4+ Nbd7 8. Qxc4 Be7 9. Bf4 c5 10. Qc2 O-O 11. Na3 Nd5 12. Bd2 Nb4 13. Qb1 Rc8 14. Nc4 b5 15. Ne3 Nb6 16. Rd1 Rc7 17. a3 Nc6 18. b4 cxb4 19. axb4 Na4 20. Qb3 Qd6 21. Nc4 Qd5 22. e4 Qd8 23. Bf4 Rc8 24. Na3 a6 25. Nc2 e5 26. Nxe5 Nd4 27. Nxd4 Qxd4 28. Nc4 Nc3 29. Be5 bxc4 30. Qxc3 Qxc3 31. Bxc3 cxd3 32. Rxd3 Rc4 33. e5 Bxg2 34. Kxg2 Bxb4 35. Bxb4 Rxb4 36. Rxa6 Re4 37. Ra5 f6 38. exf6 Rxf6 39. Re3 Rd4 40. Ra8+ Rf8 41. Rxf8+ Kxf8 42. h4 h5 43. Kf3 g6 44. Re4 Rd5 45. Kf4 Rf5+ 46. Ke3 Kg7 47. Rf4 Ra5 48. Rd4 Kh6 49. f3 Rb5 50. g4 hxg4 51. fxg4 Kg7 52. Kf4 Rb7 1/2-1/2

[Event "Danmarksmesterskabet 1975"]
[Site "Odense"]
[Date "1975.03.28"]
[Round "7"]
[White "Norby, Peter H"]
[Black "Grabow, Pouelsten Holm"]
[Result "1-0"]
[WhiteElo "2293"]
[BlackElo "2172"]
[PlyCount "61"]
[EventDate "1975.03.22"]
[EventType "swiss"]
[EventRounds "10"]
[EventCountry "DEN"]
[SourceTitle "ChessBase"]

1. Nf3 Nf6 2. g3 g6 3. Bg2 Bg7 4. O-O O-O 5. c4 c6 6. d3 d6 7. Nc3 Na6 8. Rb1 Rb8 9. b4 e5 10. Be3 b6 11. h3 Bb7 12. Qa4 Nd7 13. b5 Nac5 14. Qc2 f5 15. d4 Ne4 16. Nxe4 fxe4 17. Ng5 Qe7 18. dxe5 Nxe5 19. Nxe4 cxb5 20. cxb5 Rbc8 21. Qb3+ d5 22. Bg5 Qe6 23. Bf4 Nf7 24. Rbc1 Rfe8 25. Rxc8 Rxc8 26. Ng5 Nxg5 27. Bxg5 Rc3 28. Qa4 h6 29. Bd2 Rc7 30. Qxa7 Qxe2 31. Qb8+ 1-0

[Event "Danmarksmesterskabet 1975"]
[Site "Odense"]
[Date "1975.03.25"]
[Round "4"]
[White "Norby, Peter H"]
[Black "Lund, Jens Christian"]
[Result "1-0"]
[WhiteElo "2293"]
[BlackElo "2206"]
[PlyCount "87"]
[EventDate "1975.03.22"]
[EventType "swiss"]
[EventRounds "10"]
[EventCountry "DEN"]
[SourceTitle "ChessBase"]

1. Nf3 d5 2. c4 e6 3. g3 Nf6 4. Bg2 Be7 5. O-O O-O 6. d4 c6 7. b3 Nbd7 8. Nc3 b6 9. cxd5 cxd5 10. Bb2 Bb7 11. Ne1 a6 12. Nd3 Rc8 13. Rc1 Bd6 14. e3 Qe7 15. Qe2 Ba3 16. Rfd1 Bxb2 17. Qxb2 Qd6 18. Ne2 Rxc1 19. Rxc1 Rc8 20. Rxc8+ Bxc8 21. Bf1 a5 22. b4 axb4 23. Qxb4 Qxb4 24. Nxb4 Ne4 25. Nf4 Kf8 26. Bd3 Bb7 27. f3 Nef6 28. Bb5 Ke7 29. Nfd3 Kd6 30. Kf2 Ne8 31. Ne5 Nxe5 32. dxe5+ Kc5 33. Bxe8 Kxb4 34. Bxf7 Bc8 35. f4 g6 36. g4 Kc5 37. Bg8 h6 38. h4 d4 39. Bf7 g5 40. fxg5 hxg5 41. hxg5 d3 42. g6 Ba6 43. Ke1 Kc4 44. Kd2 1-0

[Event "Danmarksmesterskabet 1975"]
[Site "Odense"]
[Date "1975.03.23"]
[Round "2"]
[White "Norby, Peter H"]
[Black "Eriksen, Soren"]
[Result "1/2-1/2"]
[WhiteElo "2293"]
[BlackElo "2163"]
[PlyCount "81"]
[EventDate "1975.03.22"]
[EventType "swiss"]
[EventRounds "10"]
[EventCountry "DEN"]
[SourceTitle "ChessBase"]

1. c4 Nf6 2. g3 c6 3. Nf3 d5 4. b3 g6 5. Bb2 Bg7 6. Bg2 O-O 7. O-O Nbd7 8. Qc2 Re8 9. cxd5 cxd5 10. Nc3 a6 11. d4 Nf8 12. Rac1 Bf5 13. Qd2 Ne4 14. Nxe4 Bxe4 15. Rfe1 Nd7 16. Qf4 Nf6 17. Qc7 Rb8 18. Ne5 Bxg2 19. Kxg2 Bf8 20. e3 Qxc7 21. Rxc7 Red8 22. Rec1 Ne8 23. R7c2 e6 24. Nd3 Bd6 25. Kf1 Nf6 26. Ke2 Kf8 27. Bc3 Rdc8 28. Bb4 Rxc2+ 29. Rxc2 Bxb4 30. Nxb4 Ne8 31. Nd3 Ke7 32. Ne5 f6 33. Nd3 Kd6 34. Nc5 a5 35. e4 dxe4 36. Nxe4+ Kd7 37. g4 b6 38. Rc3 f5 39. Ng5 Nf6 40. gxf5 exf5 41. Nf3 1/2-1/2

[Event "Danmarksmesterskabet 1975"]
[Site "Odense"]
[Date "1975.03.22"]
[Round "1"]
[White "Rath, Ulrik"]
[Black "Hvenekilde, Jorgen"]
[Result "1/2-1/2"]
[WhiteElo "2371"]
[BlackElo "2298"]
[PlyCount "68"]
[EventDate "1975.03.22"]
[EventType "swiss"]
[EventRounds "10"]
[EventCountry "DEN"]
[SourceTitle "ChessBase"]

1. e4 e5 2. Nf3 Nc6 3. Bb5 Bc5 4. O-O d6 5. d4 exd4 6. Nxd4 Bd7 7. Be3 Ne5 8. Bxd7+ Qxd7 9. Nf5 g6 10. Bxc5 gxf5 11. f4 dxc5 12. fxe5 Qxd1 13. Rxd1 fxe4 14. Nc3 f5 15. Nb5 Ke7 16. Nxc7 Rc8 17. Nb5 Nh6 18. Nxa7 Rcd8 19. Nb5 Nf7 20. Nd6 Nxd6 21. exd6+ Rxd6 22. Rxd6 Kxd6 23. g3 Rd8 24. Rd1+ Ke7 25. Rxd8 Kxd8 26. Kf2 h5 27. Ke3 Kd7 28. c4 Kc6 29. h3 Kb6 30. a3 Ka5 31. b3 b5 32. cxb5 Kxb5 33. g4 fxg4 34. hxg4 hxg4 1/2-1/2

[Event "Danmarksmesterskabet 1975"]
[Site "Odense"]
[Date "1975.03.24"]
[Round "3"]
[White "Rath, Ulrik"]
[Black "Jacobsen, Bo"]
[Result "1-0"]
[WhiteElo "2371"]
[BlackElo "2377"]
[PlyCount "117"]
[EventDate "1975.03.22"]
[EventType "swiss"]
[EventRounds "10"]
[EventCountry "DEN"]
[SourceTitle "ChessBase"]

1. e4 e5 2. Nf3 Nc6 3. Bb5 Nf6 4. d4 Nxe4 5. Qe2 Nd6 6. Bxc6 bxc6 7. dxe5 Nb7 8. O-O Be7 9. b3 O-O 10. Bb2 Nc5 11. Rd1 Ne6 12. Nbd2 f6 13. Ne4 fxe5 14. Nxe5 Qe8 15. Re1 d6 16. Nd3 Qg6 17. Ng3 Bf6 18. Qe4 Qxe4 19. Rxe4 Bxb2 20. Nxb2 Bd7 21. Nd3 c5 22. c3 Rfe8 23. Rae1 Nf8 24. Re7 Rxe7 25. Rxe7 Re8 26. Rxe8 Bxe8 27. f4 Bb5 28. c4 Bc6 29. Kf2 a5 30. Ne2 Ne6 31. g3 Be4 32. Ke3 Bf5 33. Nf2 h5 34. h3 Bb1 35. Nc3 Bc2 36. Kd2 Bg6 37. Nd5 c6 38. Ne7+ Kf7 39. Nxc6 Bb1 40. Kc1 Bg6 41. Nxa5 h4 42. gxh4 Ke7 43. a3 Nxf4 44. b4 cxb4 45. axb4 Ng2 46. b5 Nxh4 47. Kb2 Kd7 48. b6 Nf3 49. Kc3 Bf5 50. Kb4 Nd4 51. h4 Nc6+ 52. Nxc6 Kxc6 53. Ka5 Bc8 54. Nd3 Bb7 55. Nf4 Kc5 56. Ne6+ Kxc4 57. Nxg7 d5 58. Ne6 d4 59. Nf4 1-0